Cesta beze jména : thriller /

Hlavní autor: Linskey, Howard
Další autoři: Pavlíček, Stanislav, 1973-
Jazyk: Čeština
Vydáno: Praha : Brána, 2016
Vydání: Vydání první
Témata:
Externí odkaz: Digitalizovaný dokument
Fyzický popis: 415 stran ; 21 cm
Knihy
Uloženo v:
LEADER 01632nam a2200457 i 4500
001 nkc20162858424
003 CZ PrNK
005 20250822235006.0
007 ta
008 161128s2016 xr g 000 f cze
015 |a cnb002858424 
020 |a 978-80-7243-924-9  |q (vázáno) 
035 |a (OCoLC)970629561 
040 |a OLA001  |b cze  |d ABA001  |e rda 
041 1 |a cze  |h eng 
072 7 |a 821.111-3  |x Anglická próza, anglicky psaná  |2 Konspekt  |9 25 
080 |a 821.111-31  |2 MRF 
080 |a (0:82-312.4)  |2 MRF 
100 1 |a Linskey, Howard  |7 xx0208363  |4 aut 
240 1 0 |a No name lane.  |l Česky 
245 1 0 |a Cesta beze jména :  |b thriller /  |c Howard Linskey ; přeložil Stanislav Pavlíček 
250 |a Vydání první 
264 1 |a Praha :  |b Brána,  |c 2016 
300 |a 415 stran ;  |c 21 cm 
336 |a text  |b txt  |2 rdacontent 
337 |a bez média  |b n  |2 rdamedia 
338 |a svazek  |b nc  |2 rdacarrier 
500 |a Přeloženo z angličtiny 
655 7 |a anglické romány  |7 fd131814  |2 czenas 
655 7 |a detektivní romány  |7 fd132010  |2 czenas 
655 7 |a thrillery (romány)  |7 fd184206  |2 czenas 
655 9 |a English fiction  |2 eczenas 
655 9 |a detective novels  |2 eczenas 
655 9 |a thrillers (novels)  |2 eczenas 
700 1 |a Pavlíček, Stanislav,  |d 1973-  |7 mzk2002107407  |4 trl 
856 4 1 |u http://www.digitalniknihovna.cz/mzk/uuid/uuid:b4563a30-66e1-11f0-86db-5ef3fc9bb22f  |y Digitalizovaný dokument  |x NDK 
910 2 |a BOA001  |b 2-1379.056 
990 |a BK 
995 |a 01 
991 |b 201612  |c NOV 
996 6 |b 2610689435  |c 2-1379.056  |l MZK  |r Sklad / do 1 hodiny  |n 0  |p p.v.  |w 001590145  |u 000010  |a 1  |e BOA001  |j MZK50  |s P